Effect of agrosolution on soil mecanic eggplant growth and yields, ឥទ្ធិពលជីអាក្រូសូលទៅលើមេកានិចដីការលូតលាស់និងទិន្នផលដំណាំត្រប់វែង (Record no. 4424)

000 -LEADER
fixed length control field 00621nam a22001337a 4500
040 ## - CATALOGING SOURCE
Transcribing agency RUA
082 ## - DEWEY DECIMAL CLASSIFICATION NUMBER
Classification number ATM.s CHH 2013 B203 Or.1
100 ## - MAIN ENTRY--AUTHOR NAME
Personal name CHHOEUR, SOTHUNN.
245 ## - TITLE STATEMENT
Title Effect of agrosolution on soil mecanic eggplant growth and yields, ឥទ្ធិពលជីអាក្រូសូលទៅលើមេកានិចដីការលូតលាស់និងទិន្នផលដំណាំត្រប់វែង
260 ## - PUBLICATION, DISTRIBUTION, ETC. (IMPRINT)
Place of publication Phnom Penh
Name of publisher RUA
Year of publication 2013
300 ## - PHYSICAL DESCRIPTION
Number of Pages xi; 53p.
Other physical details ill.
Dimensions 29cm.
856 ## - ELECTRONIC LOCATION AND ACCESS
Uniform Resource Identifier https://drive.google.com/file/d/1GIHP4p6LODtXPq5cvoLOYAD6hJw2W8LH/view?usp=sharing
942 ## - ADDED ENTRY ELEMENTS (KOHA)
Koha item type ATM.s
952 ## - LOCATION AND ITEM INFORMATION (KOHA)
Withdrawn status [LOCAL, KOHA] 0
952 ## - LOCATION AND ITEM INFORMATION (KOHA)
Withdrawn status [LOCAL, KOHA] 0
952 ## - LOCATION AND ITEM INFORMATION (KOHA)
Withdrawn status [LOCAL, KOHA] 0
952 ## - LOCATION AND ITEM INFORMATION (KOHA)
Withdrawn status [LOCAL, KOHA] 0
952 ## - LOCATION AND ITEM INFORMATION (KOHA)
Withdrawn status [LOCAL, KOHA] 0
952 ## - LOCATION AND ITEM INFORMATION (KOHA)
Withdrawn status [LOCAL, KOHA] 0
952 ## - LOCATION AND ITEM INFORMATION (KOHA)
Withdrawn status [LOCAL, KOHA] 0
952 ## - LOCATION AND ITEM INFORMATION (KOHA)
Withdrawn status [LOCAL, KOHA] 0
952 ## - LOCATION AND ITEM INFORMATION (KOHA)
Withdrawn status [LOCAL, KOHA] 0
952 ## - LOCATION AND ITEM INFORMATION (KOHA)
Withdrawn status [LOCAL, KOHA] 0
952 ## - LOCATION AND ITEM INFORMATION (KOHA)
Withdrawn status [LOCAL, KOHA] 0
Holdings
Permanent Location Date acquired Koha item type Lost status Shelving location Barcode Current Location Full call number
Library Block B2015-12-12ATM.s B203RUA033792Library Block BATM.s CHH 2013 B203 Or.1
Library Block B2015-12-12ATM.s B203RUA033727Library Block BATM.s CHH 2013 B203 Or.2
Library Block B2015-12-12ATM.s B203RUA033789Library Block BATM.s CHH 2013 B203 Or.3
Library Block B2015-12-12ATM.s B203RUA033905Library Block BATM.s CHH 2013 B203 Or.4
Library Block B2015-12-12ATM.s B203RUA033906Library Block BATM.s CHH 2013 B203 Or.5
Library Block B2015-12-12ATM.s B203RUA033788Library Block BATM.s CHH 2013 B203 Or.6
Library Block B2015-12-12ATM.s B203RUA033786Library Block BATM.s CHH 2013 B203 Or.7
Library Block B2015-12-12ATM.s B203RUA033785Library Block BATM.s CHH 2013 B203 Or.8
Library Block B2019-02-12ATM B1.218A37563Library Block BATM CHH 2013 B1.218 Or.1
Library Block B2019-02-15ATM B1.218A35809Library Block BATM CHH 2013 B1.218 Or.1
Library Block B2019-02-15ATM B1.218A35542Library Block BATM CHH 2013 B1.218 Or.2
មជ្ឈមណ្ឌលឯការនៃសាកលវិទ្យាល័យភូមិន្ទកសិកម្មចំការដូង

Powered by Koha